Educación, género y juventud : (Record no. 190493)

MARC details
000 -CABECERA
campo de control de longitud fija 00753nam a2200229 u 4500
005 - FECHA Y HORA DE LA ÚLTIMA TRANSACCIÓN
campo de control 20250116063857.0
008 - ELEMENTOS DE LONGITUD FIJA--INFORMACIÓN GENERAL
campo de control de longitud fija 170607s2013 r 000 0 eng d
020 ## - NÚMERO INTERNACIONAL NORMALIZADO PARA LIBROS
Número Internacional Estándar del Libro 9786079348434
035 ## - NÚMERO DE CONTROL DEL SISTEMA
Número de control de sistema UPN01000218393
049 ## - COLECCIÓN
Colección CG
050 #4 - SIGNATURA TOPOGRÁFICA DE LA BIBLIOTECA DEL CONGRESO
Número de clasificación LB41
Número de documento/Ítem E3.87
245 00 - MENCIÓN DE TÍTULO
Título Educación, género y juventud :
Resto del título rutas para la investigación /
Mención de responsabilidad, etc. coord. Aurelia Flores Hernández.
260 ## - PUBLICACIÓN, DISTRIBUCIÓN, ETC.
Lugar de publicación, distribución, etc. Tlaxcala :
Nombre del editor, distribuidor, etc. Universidad Autónoma de Tlaxcala,
Fecha de publicación, distribución, etc. 2013.
300 ## - DESCRIPCIÓN FÍSICA
Extensión 200 p. :
Otras características físicas il., cuadros
440 #0 - MENCIÓN DE SERIE/ASIENTO SECUNDARIO--TÍTULO
Título Estudios de género y desarrollo
650 #2 - ASIENTO SECUNDARIO DE MATERIA - TERMINO TEMATICO
Término de materia o nombre geográfico como elemento de entrada Identidad de género en la educación
9 (RLIN) 20974
650 #4 - ASIENTO SECUNDARIO DE MATERIA - TERMINO TEMATICO
Término de materia o nombre geográfico como elemento de entrada Educación
9 (RLIN) 682
650 #4 - ASIENTO SECUNDARIO DE MATERIA - TERMINO TEMATICO
Término de materia o nombre geográfico como elemento de entrada Juventud
9 (RLIN) 14365
700 1# - ASIENTO SECUNDARIO--NOMBRE DE PERSONAL
Nombre de persona Flores Hernández, Aurelia,
Término indicativo de función/relación coord.
9 (RLIN) 40601
905 ## - TIPO DE MATERIAL
Tipo de material Libro
Holdings
Estado de retiro Estado de pérdida Fuente del sistema de clasificación o colocación Estado dañado No para préstamo Código de colección Localización permanente Ubicación/localización actual Ubicación en estantería Total de préstamos Clasificación Código de barras Fecha visto por última vez Número de copia Tipo de ítem Koha
    Library of Congress Classification     Colección General Bib. Gregorio Torres Quintero Bib. Gregorio Torres Quintero Planta baja 3 LB41 E3.87 314677 31/12/2020 1 Libro